| 000 | 00961nam a2200121Ia 4500 | ||
|---|---|---|---|
| 008 | 220615s9999||||xx |||||||||||||| ||und|| | ||
| 100 | _aHolden, Livia | ||
| 245 | 0 | _aCultural Expertise: An Emergent Concept and Evolving Practices | |
| 546 | _aEnglish[eng] | ||
| 650 | _alaw and culture||human rights||socio-legal studies||court cases||multiculturalism||National Strategy||judiciary||Sweden||indigenous rights||Roma||peyote||FGM/C||strategic litigation||legal anthropology||cultural test||cross-cultural dispute resolution||cultural rights||cultural experts||immigrants||psychiatric evaluation||controlled substances||applied anthropology||law and society||multicultural societies||Sami||First Nations||expert testimony||cultural defense||Italian criminal justice system||culture||migration||criminal anthropology||Italy||Bondo||anthropology of law||cultural expertise||entheogens||experts | ||
| 856 | _uhttps://www.mdpi.com/books/pdfview/book/1973 | ||
| 942 | _cEB | ||
| 999 |
_c11800 _d11800 |
||